<?xml version="1.0" encoding="UTF-8"?>
<record
    xmlns:xsi="http://www.w3.org/2001/XMLSchema-instance"
    xsi:schemaLocation="http://www.loc.gov/MARC21/slim http://www.loc.gov/standards/marcxml/schema/MARC21slim.xsd"
    xmlns="http://www.loc.gov/MARC21/slim">

  <leader>04203nam a22008057a 4500</leader>
  <controlfield tag="003">AR-RoUNA</controlfield>
  <controlfield tag="005">20251128170523.0</controlfield>
  <controlfield tag="008">251127b        |||||||| |||| 00| 0 spa d</controlfield>
  <datafield tag="041" ind1=" " ind2=" ">
    <subfield code="a">spa</subfield>
    <subfield code="h">spa</subfield>
  </datafield>
  <datafield tag="092" ind1=" " ind2=" ">
    <subfield code="s">HHL</subfield>
  </datafield>
  <datafield tag="100" ind1="1" ind2=" ">
    <subfield code="a">Rois, Juan Manuel</subfield>
    <subfield code="9">3930</subfield>
  </datafield>
  <datafield tag="245" ind1="1" ind2="3">
    <subfield code="a">La agencia conceptual del diagrama arquitectonico: </subfield>
    <subfield code="b">propuesta interpretativa semi&#xF3;tico pragm&#xE1;tica del proceso de dise&#xF1;o del caso TGB/OMA /</subfield>
    <subfield code="c">Juan Manuel Rois; profesor guia Pedro Alonso. Pontifica Universidad Catolica de Chile.Facultad de Arquitectura,Dise&#xF1;o y Estudios Urbanos.</subfield>
  </datafield>
  <datafield tag="260" ind1=" " ind2=" ">
    <subfield code="a">Santiago de Chile :</subfield>
    <subfield code="c">(octubre) 2023</subfield>
  </datafield>
  <datafield tag="300" ind1=" " ind2=" ">
    <subfield code="a">203 p.:</subfield>
    <subfield code="b">fot. byn.</subfield>
    <subfield code="b">gr&#xE1;ficos</subfield>
    <subfield code="c">30x21 cm</subfield>
  </datafield>
  <datafield tag="502" ind1=" " ind2=" ">
    <subfield code="a">Tesis presentada a la Facultad de Arquitectura, Dise&#xF1;o y Estudios Urbanos de la Pontifica Universidad Catolica de Chile para optar el grado academico de Doctor en Arquitectura y Estudios Urbanos.</subfield>
  </datafield>
  <datafield tag="505" ind1=" " ind2=" ">
    <subfield code="t">INDICE</subfield>
  </datafield>
  <datafield tag="505" ind1=" " ind2=" ">
    <subfield code="t">Introduccion /p.5</subfield>
  </datafield>
  <datafield tag="505" ind1=" " ind2=" ">
    <subfield code="t">Caso</subfield>
  </datafield>
  <datafield tag="505" ind1=" " ind2=" ">
    <subfield code="t">1. BNF OMA, proceso de dise&#xF1;o /p.17</subfield>
  </datafield>
  <datafield tag="505" ind1=" " ind2=" ">
    <subfield code="t">2. BNF OMA, antes de SMLXL /p.47</subfield>
  </datafield>
  <datafield tag="505" ind1=" " ind2=" ">
    <subfield code="t">3. TGB OMA, en SMLXL /p.57</subfield>
  </datafield>
  <datafield tag="505" ind1=" " ind2=" ">
    <subfield code="t">4. TGB OMA, despues de SMLXL /p.81</subfield>
  </datafield>
  <datafield tag="505" ind1=" " ind2=" ">
    <subfield code="t">Marco</subfield>
  </datafield>
  <datafield tag="505" ind1=" " ind2=" ">
    <subfield code="t">5. Dise&#xF1;o arquitectonico /p.87</subfield>
  </datafield>
  <datafield tag="505" ind1=" " ind2=" ">
    <subfield code="a">5.1 Proceso creativo /p.88</subfield>
  </datafield>
  <datafield tag="505" ind1=" " ind2=" ">
    <subfield code="a">5.2 Resolucion de problemas /p.90</subfield>
  </datafield>
  <datafield tag="505" ind1=" " ind2=" ">
    <subfield code="a">5.3 Metodologias de dise&#xF1;o /p.92</subfield>
  </datafield>
  <datafield tag="505" ind1=" " ind2=" ">
    <subfield code="a">5.4 Etnografia del dise&#xF1;o /p.93</subfield>
  </datafield>
  <datafield tag="505" ind1=" " ind2=" ">
    <subfield code="a">5.5 Mapeo de controversia /p.95</subfield>
  </datafield>
  <datafield tag="505" ind1=" " ind2=" ">
    <subfield code="a">5.6 Objetos intermediarios de dise&#xF1;o /p.97</subfield>
  </datafield>
  <datafield tag="505" ind1=" " ind2=" ">
    <subfield code="a">5.7 Observacion etnografica: caso OMA /p.98</subfield>
  </datafield>
  <datafield tag="505" ind1=" " ind2=" ">
    <subfield code="a">5.8 Limitaciones de la observacion en OMA /p.100</subfield>
  </datafield>
  <datafield tag="505" ind1=" " ind2=" ">
    <subfield code="t">6. Diagrama arquitectonico /p.103</subfield>
  </datafield>
  <datafield tag="505" ind1=" " ind2=" ">
    <subfield code="a">6.1 Diagrama infografico moderno /p.104</subfield>
  </datafield>
  <datafield tag="505" ind1=" " ind2=" ">
    <subfield code="a">6.2 Diagrama arquitectonico moderno /p.106</subfield>
  </datafield>
  <datafield tag="505" ind1=" " ind2=" ">
    <subfield code="a">6.3 Diagrama arquitectonico posmoderno /p.108</subfield>
  </datafield>
  <datafield tag="505" ind1=" " ind2=" ">
    <subfield code="a">6.4 Concepto filosofico diagrama/p.110</subfield>
  </datafield>
  <datafield tag="505" ind1=" " ind2=" ">
    <subfield code="a">6.5 Recuperacion semiotica deldiagrama /p.114</subfield>
  </datafield>
  <datafield tag="505" ind1=" " ind2=" ">
    <subfield code="a">6.6 El diagrama arquitectonico en OMA /p.115</subfield>
  </datafield>
  <datafield tag="505" ind1=" " ind2=" ">
    <subfield code="t">7. Semiotica pragmatica /p.119</subfield>
  </datafield>
  <datafield tag="505" ind1=" " ind2=" ">
    <subfield code="a">7.1 Maxima pragmatica /p.121</subfield>
  </datafield>
  <datafield tag="505" ind1=" " ind2=" ">
    <subfield code="a">7.2 Estructura dela simiotica de Pierce /p.122</subfield>
  </datafield>
  <datafield tag="505" ind1=" " ind2=" ">
    <subfield code="a">7.3 Razonamiento diagramtico /p.124</subfield>
  </datafield>
  <datafield tag="505" ind1=" " ind2=" ">
    <subfield code="a">7.4 Diagrama TGB, interpretante del Viejo Croquis /p.129</subfield>
  </datafield>
  <datafield tag="505" ind1=" " ind2=" ">
    <subfield code="a">7.5 Inferencia abductiva /p.133</subfield>
  </datafield>
  <datafield tag="505" ind1=" " ind2=" ">
    <subfield code="a">7.6 Acto creativo TGB /p.138</subfield>
  </datafield>
  <datafield tag="505" ind1=" " ind2=" ">
    <subfield code="a">7.7 Metafora creativa TGB /p.146</subfield>
  </datafield>
  <datafield tag="505" ind1=" " ind2=" ">
    <subfield code="a">7.8 Imaginacion arquitectonica /p.147</subfield>
  </datafield>
  <datafield tag="505" ind1=" " ind2=" ">
    <subfield code="t">8. Espacio arquitectonico /p.155</subfield>
  </datafield>
  <datafield tag="505" ind1=" " ind2=" ">
    <subfield code="a">8.1 Semper y el espacio cerrado /p.155</subfield>
  </datafield>
  <datafield tag="505" ind1=" " ind2=" ">
    <subfield code="a">8.2 Schmarsow y el espacio configurado /p.158</subfield>
  </datafield>
  <datafield tag="505" ind1=" " ind2=" ">
    <subfield code="a">8.3 Tesis de la especialidad /p.160</subfield>
  </datafield>
  <datafield tag="505" ind1=" " ind2=" ">
    <subfield code="a">8.4 Giedion y el espacio continuo /p.162</subfield>
  </datafield>
  <datafield tag="505" ind1=" " ind2=" ">
    <subfield code="a">8.5 Slutzky, Rowe, Hoesli y la transparencia espacial /p.163</subfield>
  </datafield>
  <datafield tag="505" ind1=" " ind2=" ">
    <subfield code="a">8.6 Zevi, Moretti, Venturi y el espacio interior /p.164</subfield>
  </datafield>
  <datafield tag="505" ind1=" " ind2=" ">
    <subfield code="a">8.7 Configuracion del espacio cerrado: Caso TGB /p.166</subfield>
  </datafield>
  <datafield tag="505" ind1=" " ind2=" ">
    <subfield code="t">Interpretaciones /p.169</subfield>
  </datafield>
  <datafield tag="505" ind1=" " ind2=" ">
    <subfield code="t">Conclusiones /p.183</subfield>
  </datafield>
  <datafield tag="505" ind1=" " ind2=" ">
    <subfield code="t">Bibliografia /p.187</subfield>
  </datafield>
  <datafield tag="520" ind1=" " ind2=" ">
    <subfield code="a">Esta tesis investiga la agencia conceptual del diagrama arquitectonico en el acto creativo del proceso de dise&#xF1;o y lo hace mediante una propuesta interpretativa semiotico pragmatica del caso Tr&#xE8;s Grande Biblioth&#xE8;que, proyecto realizado en 1989 por el estudio de arquitectura OMA (Office for Metropolitan Architecture). Esta tesis se nutre de los resultados de una reciente aproximaci&#xF3;n de los estudios del dise&#xF1;o que, adoptando la metodolog&#xED;a de la teor&#xED;a del actor-red (ANT) de los estudios de ciencia, tecnolog&#xED;a y sociedad (STS), ha producido descripciones que ofrecen ejemplos de instancias concretas de las dinamicas colectivas del proceso de dise&#xF1;o arquitect&#xF3;nico (Sch&#xF6;n 1983, Latour 1999, Yaneva 2012, Far&#xED;as y Wilkie 2016)</subfield>
  </datafield>
  <datafield tag="650" ind1=" " ind2="4">
    <subfield code="a">Arquitectura</subfield>
  </datafield>
  <datafield tag="650" ind1=" " ind2="4">
    <subfield code="a">Diagramas arquitectonicos</subfield>
    <subfield code="x">Procesos</subfield>
    <subfield code="9">27590</subfield>
  </datafield>
  <datafield tag="653" ind1=" " ind2=" ">
    <subfield code="a">Ciudades y comunidades sostenibles</subfield>
  </datafield>
  <datafield tag="653" ind1=" " ind2=" ">
    <subfield code="a">Dise&#xF1;o del caso</subfield>
  </datafield>
  <datafield tag="908" ind1=" " ind2=" ">
    <subfield code="a">Imp</subfield>
  </datafield>
  <datafield tag="930" ind1=" " ind2=" ">
    <subfield code="e">43</subfield>
  </datafield>
  <datafield tag="942" ind1=" " ind2=" ">
    <subfield code="2">ddc</subfield>
    <subfield code="c">TDOC</subfield>
  </datafield>
  <datafield tag="945" ind1=" " ind2=" ">
    <subfield code="a">MIA</subfield>
    <subfield code="d">2025-11-27</subfield>
  </datafield>
  <datafield tag="980" ind1=" " ind2=" ">
    <subfield code="6">1</subfield>
    <subfield code="a">Maricel Allasia</subfield>
    <subfield code="8">1</subfield>
    <subfield code="g">Maricel Allasia</subfield>
  </datafield>
  <datafield tag="999" ind1=" " ind2=" ">
    <subfield code="c">12271</subfield>
    <subfield code="d">12271</subfield>
  </datafield>
  <datafield tag="952" ind1=" " ind2=" ">
    <subfield code="0">0</subfield>
    <subfield code="1">0</subfield>
    <subfield code="2">cdu</subfield>
    <subfield code="4">0</subfield>
    <subfield code="5">0</subfield>
    <subfield code="7">0</subfield>
    <subfield code="a">AR-RoUNA</subfield>
    <subfield code="b">AR-RoUNA</subfield>
    <subfield code="c">HHL</subfield>
    <subfield code="d">2025-11-27</subfield>
    <subfield code="l">0</subfield>
    <subfield code="o">(043)72.1+711.2  R741</subfield>
    <subfield code="p">TES0242</subfield>
    <subfield code="r">2025-11-27</subfield>
    <subfield code="t">ej. 1</subfield>
    <subfield code="w">2025-11-27</subfield>
    <subfield code="y">TDOC</subfield>
    <subfield code="x"></subfield>
  </datafield>
</record>
